| 000 | 00778cam a22002531 4500 | ||
|---|---|---|---|
| 999 |
_c128322 _d128322 |
||
| 001 | 8472607 | ||
| 003 | ARRUPE | ||
| 005 | 20181008113137.0 | ||
| 008 | 791109s1964 enk 000 0 eng | ||
| 010 | _a 66046247 | ||
| 015 | _aGB64-11207 | ||
| 035 | _a(OCoLC)5667467 | ||
| 040 |
_aDLC _cInU _dUk _dDLC |
||
| 050 | 0 | 0 |
_aD844 _b.C72 1964 |
| 100 | 1 |
_aCrozier, Brian, _d1918-2012. _942786 |
|
| 245 | 1 | 0 |
_aNeo-colonialism. _ba background book _cBrian Crozier |
| 260 |
_aLondon, _bThe Bodley Head _c1964 |
||
| 300 |
_a112 p. _c19 cm. |
||
| 490 | 0 | _aA background book | |
| 500 | _aA companion vol. to the author's The rebels and The morning after. | ||
| 650 | 0 |
_aNations, New _942787 |
|
| 906 |
_a7 _bcbc _coclcrpl _du _encip _f19 _gy-gencatlg |
||
| 942 |
_2lcc _cMONOGRAPH |
||